| 000 | 00706nam0a22002411 4500 | ||
|---|---|---|---|
| 001 | rc\4233916 | ||
| 005 | 20260407082141.0 | ||
| 021 |
_aRU _b[67-38026] |
||
| 035 | _a(NLR Aleph) 008227900 | ||
| 090 |
_a8197653 _c8197653 |
||
| 100 | _a20130416d1967 |||y0rusy50 ca | ||
| 101 | 0 | _arus | |
| 102 | _aRU | ||
| 105 | _ay z ||||| | ||
| 200 | 1 |
_aГодичное общее собрание _eТезисы докладов _fАН АзССР |
|
| 210 |
_aБаку _cИзд-во АН АзССР _d1967 |
||
| 215 |
_a31 с. _d22 |
||
| 710 | 0 | 2 |
_aАН АзССР _cБаку _3RU\NLR\AUTH\887829 _9287849 |
| 801 | 0 |
_aRU _bNLR _gpsbo |
|
| 801 | 1 |
_aRU _bELAR _2rusmarc |
|
| 852 |
_aNLR _j67-6/6459 |
||
| 942 | _cBOOK | ||
| 980 | _aNB | ||